Образ идеального будущего в современной культуре; Актуальные проблемы гуманитарных наук

Podrobná bibliografie
Parent link:Актуальные проблемы гуманитарных наук.— 2002.— С. 76-77.
Hlavní autor: Максименко О. Ю.
Jazyk:ruština
Vydáno: 2002
Témata:
Médium: Kapitola
KOHA link:https://koha.lib.tpu.ru/cgi-bin/koha/opac-detail.pl?biblionumber=95766

MARC

LEADER 00000naa2a2200000 4500
001 95766
005 20231031110253.0
035 |a (RuTPU)RU\TPU\book\102529 
090 |a 95766 
100 |a 20060503d2002 k y0rusy50 ca 
101 0 |a rus 
102 |a RU 
200 1 |a Образ идеального будущего в современной культуре  |f О. Ю. Максименко 
463 0 |0 (RuTPU)RU\TPU\book\68542  |t Актуальные проблемы гуманитарных наук  |o Труды 1 региональной научно-практической конференции студентов, аспирантов и молодых ученых. 8-15 апреля 2002  |f Томский политехнический университет  |v С. 76-77.  |d 2002  |p 208 с. 
610 1 |a культура 
610 1 |a будущее 
610 1 |a утопизм 
610 1 |a идеалы 
610 1 |a общество 
610 1 |a современная культура 
610 1 |a труды учёных ТПУ 
700 1 |a Максименко  |b О. Ю. 
801 1 |a RU  |b 63413507  |c 20060503  |g PSBO 
942 |c BK